00306nam a2200121Ia 45000030006000000080041000060400015000471000014000622450039000762600040001155460012001550050017001670STCL150530s9999 xx 000 0 und d aSTCLcSTCL aHull, E.R aGetting into touch with the church bIndian catholic truth societyc1927 aEnglish20220125165410.0